[Event "VISA Nordic GP Final"]
[Site "Gentofte"]
[Date "1999.08.08"]
[Round "2"]
[White "Agdestein, Simen"]
[Black "Hector, Jonny"]
[Result "1-0"]
[WhiteElo "2580"]
[BlackElo "2505"]
[Annotator "Huebner,R"]
[PlyCount "117"]
[EventDate "1999.08.05"]
[EventType "tourn"]
[EventRounds "13"]
[EventCountry "DEN"]
[EventCategory "9"]
[SourceTitle "CBM 073"]
[Source "ChessBase"]
[SourceDate "1999.12.01"]
[SourceVersion "1"]
[SourceVersionDate "1999.12.01"]
[SourceQuality "1"]

1. d4 d5 2. c4 c6 3. Nf3 Nf6 4. Nc3 dxc4 5. a4 Bf5 6. Nh4 Bg6 7. Nxg6 hxg6 8.
e3 $6 {Der Zug 7.Sg6: ist nur sinnvoll, wenn Weiß jetzt mit} (8. e4 {fortsetzt.
Will er sich mit e2-e3 begnügen, sollte er mit dem Abtausch auf g6 warten,
denn nun kann Schwarz die vorzeitige Öffnung der h-Linie für seinen Turm zu
seinem Vorteil ausnutzen.}) 8... Qc7 ({Auch nach} 8... e6 9. Bxc4 Nbd7 10. O-O
Qc7 11. f4 Rd8 12. Qe2 Nb6 13. Bb3 g5 14. g3 gxf4 15. gxf4 (15. gxf4 a5 {
stand Schwarz besser: Kashdan,I-Pirc,V/Bled 1931/HCL (remis, 60).})) 9. g3 e6
10. Bxc4 Bb4 11. Qb3 a5 12. O-O Nbd7 13. e4 O-O-O 14. Bf4 e5 $6 ({Mit} 14...
Qb6 15. Rfd1 {Bleibt dieser Turm auf f1, so folgt 15...Th3 nebst 16...Tdh8.}
Bxc3 16. bxc3 (16. Qxc3 Nxe4 17. Qe1 Ndf6 {sieht nicht angenehmer für Weiß aus.
}) 16... Qxb3 17. Bxb3 Nxe4 {hätte Schwarz gefahrlos ein günstiges Endspiel
erreichen können.}) 15. dxe5 Nxe5 16. Rac1 {Diesen Zug verstehe ich nicht ganz.
} (16. Rfd1 {sieht verständiger aus.}) 16... Nf3+ 17. Kg2 Qd7 ({Mit} 17... Nh4+
18. Kh1 Nf3 {konnte Schwarz bereits unentschieden erzwingen. Der Textzug ist
natürlich nicht schlechter; Weiß muß einen heftigen Angriff über sich ergehen
lassen.}) 18. Kxf3 Rxh2 ({Nach} 18... Qg4+ 19. Kg2 Qh3+ 20. Kf3 Qh5+ 21. Kg2
Qxh2+ 22. Kf3 {muß sich Schwarz mit remis zufrieden geben. Er versucht auf
Gewinn zu spielen. Dies ist gerechtfertigt, obwohl seine Stellung objektiv
gesprochen wohl im Gleichgewicht ist; Weiß muß sich genau verteidigen.}) 19.
Ke2 g5 20. Be3 Nxe4 21. Ke1 $1 ({Nach} 21. Be6 Nxg3+ 22. Ke1 Qxe6 23. Qxe6+
fxe6 24. fxg3 Rxb2 25. Rf2 Rb3 26. Bd2 Rd4 {ist die Stellung des Weißen
offensichtlich sehr unbequem.}) (21. Nxe4 Qg4# {ergäbe eine drollige
Mattstellung.}) 21... Nd2 22. Rd1 Nf3+ $2 ({Nach} 22... Nxb3 23. Rxd7 Rxd7 24.
Bxb3 Re7 25. Kd2 f6 {entsteht eine Stellung mit ungefähr gleichen Aussichten.
Jetzt gerät Schwarz in Verlustgefahr.}) 23. Ke2 Qg4 24. Rxd8+ Kxd8 25. Qd1+ $2
(25. Kd1 {führte zum Gewinn:} Nd4+ 26. f3 Nxf3 (26... Nxb3 27. fxg4 Rxb2 28.
Bb6+ Kc8 29. Rxf7 Rd2+ 30. Ke1 Bxc3 31. Be6+ Kb8 32. Bxb3 {und Weiß gewinnt.})
(26... Qd7 27. Bxd4 Qxd4+ 28. Kc1 {und Weiß siegt auf technische Weise.}) 27.
Be2 Qd7+ (27... Bxc3 28. Qxc3 Rxe2 29. Qd3+ {ist hoffnungslos für Schwarz:} Nd4
(29... Kc8 30. Qxe2 Qxa4+ 31. Qc2 Qg4 32. Kc1 {usw.}) 30. Qxd4+ Qxd4+ 31. Bxd4
{und Weiß gewinnt.}) 28. Kc1 Bxc3 29. Qxc3 Rxe2 30. Rxf3 (30. Rd1 Re1 31. Rxe1
Nxe1 32. Qxa5+ {ist ebenso gut.}) 30... Kc8 31. Qxa5 {mit Gewinnstellung für
Weiß.}) ({Die Fortsetzung} 25. Bb6+ Ke7 26. Ke3 f5 {ist dagegen weit weniger
klar.}) 25... Kc8 26. Bd3 Rh8 27. Qb1 g6 28. Kd1 $2 (28. Be4 {ist nicht besser:
} Ne5+ (28... Ng1+ 29. Kd3 Rd8+ 30. Kc2 Bxc3 31. Kxc3 Ne2+ 32. Kb3 {führt zum
Vorteil für Weiß.}) ({Nach} 28... Nd4+ 29. Kd3 Ne6 30. Kd2 {kommt der König
des Weißen in Sicherheit.}) 29. f3 ({Nach} 29. Ke1 Nc4 {entfaltet Schwarz eine
dauernde Initiative.}) 29... Qxg3 (29... Rh2+ 30. Rf2 Qxg3 31. Rxh2 Qxh2+ 32.
Bf2 {ist weniger kräftig.}) 30. Qe1 ({Nach} 30. Bf2 Rh2 {mit der Absicht
Lb4-c5 wird Weiß an der Fesselung des Läufers auf f2 zugrunde gehen.}) 30...
Rh2+ 31. Rf2 f5 {und Schwarz gewinnt.}) (28. Rd1 {ist die angewiesene
Fortsetzung:} Ne5+ 29. Kd2 Nxd3 (29... Bxc3+ 30. bxc3 (30. Kxc3 {kommt
ebenfalls in Betracht.}) 30... Qxa4 ({Nach} 30... Nxd3 31. Qxd3 Rd8 32. Bd4 {
kann} c5 {mit} 33. Qc4 {beantwortet werden.}) 31. Be2 {Weiß hat nichts zu
fürchten.}) (29... Rd8 30. Kc1 {ist ebenfalls befriedigend für Weiß.}) 30. Kxd3
Bxc3 31. Kxc3 (31. bxc3 Rd8+ 32. Bd4 (32. Kc2 Qxa4+ $19) 32... c5 {ist
natürlich unzutunlich für Weiß.}) 31... Qb4+ 32. Kc2 Qc4+ 33. Kd2 {Weiß steht
nicht schlechter.}) 28... Nh2+ $2 ({Bessere Aussichten bot} 28... Bxc3 29. bxc3
Nh2+ 30. Kd2 ({Nach} 30. f3 Qxa4+ 31. Bc2 Qc4 32. Rh1 Qd5+ 33. Kc1 Qxf3 34. Re1
Re8 35. Qb6 Qxg3 {geht Weiß unter.}) 30... Nxf1+ 31. Bxf1 Qxa4 32. Bxg5 b5 {
und die Gewinnchancen liegen ganz auf Seite des Schwarzen.}) 29. Be2 Qd7+ 30.
Kc2 Nxf1 31. Qxf1 Rd8 32. Bc4 Qe7 33. Kb3 f5 $2 {Damit stellt Schwarz einen
Bauern ein. Nach} (33... g4 {oder}) (33... f6 {mit der Absicht Lb4-c5 steht
Schwarz noch immer etwas besser.}) 34. Qc1 f4 35. gxf4 gxf4 $2 (35... Bc5 {
mit Abtausch der schwarzfeldrigen Läufer war viel stärker; der Nachziehende
sollte sich nach dieser Fortsetzung halten können.}) 36. Bxf4 Rf8 37. Bg5 Qe5
38. f4 Qc5 39. Qe1 Kb8 40. Qe4 Ka8 $6 (40... Qd6 {bot bessere Aussichten auf
Widerstand.}) 41. Qxg6 Rb8 $2 ({Einzig die Fortsetzung} 41... Bxc3 42. bxc3 b5
43. Be2 (43. axb5 {wird mit} a4+ {beantwortet.}) 43... bxa4+ 44. Kc2 Qb6 45.
Qd3 Rb8 {bot Aussichten, die Partie eventuell noch zu retten.}) 42. Qd3 $18
Bxc3 43. Qxc3 Re8 44. Bd3 Qd5+ 45. Qc4 Qg2 46. Qd4 Qd2 47. Qc3 Qd1+ 48. Qc2 Qg4
49. Ka2 Re1 50. Qc5 Qd1 51. Qxa5+ Kb8 52. Qd8+ Ka7 53. Qa5+ Kb8 54. f5 Qa1+ 55.
Kb3 Qd1+ 56. Kc3 Qf3 57. Qd8+ Ka7 58. Qd4+ Ka8 59. Bf4 1-0

[Event "Olomouc AZ Sanace Cup"]
[Site "Olomouc"]
[Date "1998.08.10"]
[Round "3"]
[White "Stohl, Igor"]
[Black "Zurek, Milan"]
[Result "1-0"]
[WhiteElo "2540"]
[BlackElo "2455"]
[Annotator "Huebner,R"]
[PlyCount "99"]
[EventDate "1998.08.08"]
[EventType "tourn"]
[EventRounds "9"]
[EventCountry "CZE"]
[EventCategory "10"]
[SourceTitle "CBM 067"]
[Source "ChessBase"]
[SourceDate "1998.11.30"]
[SourceVersion "2"]
[SourceVersionDate "1998.11.01"]
[SourceQuality "1"]

1. c4 c6 2. d4 d5 3. Nc3 Nf6 4. Nf3 dxc4 5. a4 Bf5 6. Ne5 Nbd7 7. Nxc4 Qc7 8.
g3 e5 9. dxe5 Nxe5 10. Bf4 Rd8 11. Qc1 Bd6 12. Nxd6+ Qxd6 13. Bg2 a5 14. O-O
O-O 15. Nd1 Qe6 16. Ne3 Be4 17. f3 Bd5 18. Qc3 Rfe8 19. Rfd1 (19. Nc2 Ng6 20.
Nd4 Qe7 21. Bg5 Qb4 $13 {1/2-1/2 Portisch,F-Mokry,K/Bratislava 1983 (41)})
19... h6 $6 ({Auch nach} 19... b6 20. Nc2 Nfd7 21. e4 Bc4 22. Bxe5 Nxe5 23. f4
Nd3 24. Rd2 {kämpft Schwarz mit großen Schwierigkeiten.}) ({Die Fortsetzung} 
19... Nh5 20. Nxd5 cxd5 21. Bxe5 Qxe5 22. Qxe5 Rxe5 23. f4 $16 {ist nicht
angenehm für Schwarz.}) (19... Ng6 20. Bg5 Rd6 {sieht jedoch befriedigend für
Schwarz aus.}) 20. Nc2 Ng6 21. e4 Nxf4 22. gxf4 Nxe4 $2 {Dies ist ganz
hoffnungslos. Mit} (22... Ba2 {vermeidet Schwarz Figurenverlust und kann
durchaus noch kämpfen.}) 23. fxe4 $18 Bxe4 24. Rxd8 Rxd8 25. Re1 f5 26. Bxe4
fxe4 27. Ne3 Qh3 28. Qc4+ Kh8 29. Qxe4 Rd2 30. Qe8+ Kh7 31. Qe4+ Kh8 32. Ng2
Qb3 33. f5 Rd1 34. Rxd1 Qxd1+ 35. Ne1 Qc1 36. b3 Qd1 37. Qe8+ Kh7 38. Qg6+ Kh8
39. Qe6 b5 40. axb5 cxb5 41. Kf1 Qh5 42. f6 gxf6 43. Qxf6+ Kh7 44. Nf3 a4 45.
b4 a3 46. Qe7+ Kg8 47. Qd8+ Kf7 48. Qc7+ Kf8 49. Qb8+ Qe8 50. Qa7 1-0

[Event "FRA-ch"]
[Site "Meribel"]
[Date "1998.08.14"]
[Round "1"]
[White "Dorfman, Josif D"]
[Black "Miralles, Gilles"]
[Result "1-0"]
[WhiteElo "2585"]
[BlackElo "2515"]
[Annotator "Huebner,R"]
[PlyCount "83"]
[EventDate "1998.08.14"]
[EventType "tourn"]
[EventRounds "15"]
[EventCountry "FRA"]
[EventCategory "10"]
[SourceTitle "CBM 067"]
[Source "ChessBase"]
[SourceDate "1998.11.30"]
[SourceVersion "2"]
[SourceVersionDate "1998.11.01"]
[SourceQuality "1"]

1. Nf3 d5 2. c4 c6 3. d4 Nf6 4. Nc3 dxc4 5. a4 Bf5 6. Ne5 Nbd7 7. Nxc4 Qc7 8.
g3 e5 9. dxe5 Nxe5 10. Bf4 Nfd7 11. Bg2 f6 12. O-O Be6 13. Nxe5 fxe5 14. Bg5 (
14. Be3 Bc5 15. Bxc5 Nxc5 16. b4 Nb3 17. Ra3 Rd8 18. Qc2 Nd4 19. Nb5 Nxc2 20.
Nxc7+ Ke7 21. Nxe6 Nxa3 22. Nxd8 Rxd8 {1/2-1/2 Capablanca,J-Vidmar,M/Karlsbad
1929}) 14... h6 15. Be3 Bb4 (15... Be7 16. Qc2 Bf7 17. Nd5 Qd6 18. Nxe7 Qxe7
19. Rfd1 O-O 20. a5 $16 {Hamann,S-Husted,P/DEN-chB 1989/1-0 (53). Der Textzug
ist stärker als 15...Le7, weil nun auf 16.Dc2 die Antwort 16...Sf6 ausreichend
ist; Schwarz muß keinen seiner beiden wertvollen Läufer abgeben.}) (15... Bc5
16. Qc2 (16. Bxc5 Nxc5 17. b4 Nb3 {ergibt keinen wesentlichen Unterschied zur
oben angegebenen Partie Capablanca-Vidmar.}) 16... Bxe3 17. fxe3 (17. Qg6+ Bf7
18. Qxg7 Rg8 $19) 17... O-O-O {kommt ebenfalls für Schwarz in Betracht; es ist
nicht klar, ob Weiß durch das Provozieren von h7-h6 viel erreicht.}) 16. Qc2
Nf6 17. a5 a6 18. Ra4 Bxc3 $6 (18... Bd6 $5 {sieht verständiger aus.}) 19. Bb6
Qf7 20. Qxc3 O-O 21. Qxe5 Rae8 22. Qc3 Bb3 23. Rb4 Bd5 24. Qc2 Bxg2 25. Kxg2
Nd5 26. Rb3 Qh5 27. f3 Nxb6 28. axb6 Qf7 29. Rd3 Re5 30. Rfd1 Qe6 31. R1d2 Qf6
32. Qc4+ Kh8 33. Rd7 Re7 34. Rxe7 Qxe7 35. Qd4 Qg5 36. h4 Qb5 37. b4 a5 38.
bxa5 Qxa5 39. Qe3 c5 40. Rd6 Qb5 41. Qe5 Kh7 42. Re6 1-0

[Event "Politiken zt"]
[Site "Munkebo"]
[Date "1998.09.11"]
[Round "1.2"]
[White "Stefansson, Hannes"]
[Black "Gretarsson, Helgi Ass"]
[Result "1-0"]
[WhiteElo "2535"]
[BlackElo "2480"]
[Annotator "Huebner,R"]
[PlyCount "85"]
[EventDate "1998.09.10"]
[EventType "k.o."]
[EventRounds "5"]
[EventCountry "DEN"]
[SourceTitle "CBM 067"]
[Source "ChessBase"]
[SourceDate "1998.11.30"]
[SourceVersion "2"]
[SourceVersionDate "1998.11.01"]
[SourceQuality "1"]

1. d4 d5 2. c4 c6 3. Nf3 Nf6 4. Nc3 dxc4 5. a4 Bf5 6. Ne5 e6 7. f3 c5 8. e4
cxd4 9. exf5 Nc6 10. Nxc6 bxc6 11. fxe6 fxe6 12. Qe2 dxc3 13. Qxe6+ Qe7 14.
Bxc4 (14. Qxe7+ Bxe7 15. bxc3 Nd5 16. Bd2 Bf6 17. Rc1 Rb8 18. Bxc4 Bxc3 19.
Bxd5 Bxd2+ 20. Kxd2 cxd5 21. Rc7 O-O {dürfte Schwarz aushalten können.}) 14...
Qxe6+ 15. Bxe6 cxb2 (15... Bb4 16. Ke2 Nd5 $10 {sieht mir viel besser aus.})
16. Bxb2 Bb4+ 17. Ke2 Ke7 18. Bc4 Nd5 {Hier kommt die Neuerung! Ich zitiere
den Vorgänger:} (18... Rhd8 19. Rhd1 Rab8 (19... Kf8 {kam sehr in Betracht;
Schwarz sollte meines Erachtens versuchen, seinen Springer so bald wie möglich
auf d5 zu verankern.}) 20. g3 h5 $6 (20... Kf8 {kam noch immer in Betracht.
Auch}) (20... a5 {gefällt mir besser als der Textzug, der den Königsflügel
unnötig schwächt.}) 21. Rd4 Ba5 $2 {Schwarz sollte die Diagonale a3-f8 nicht
aufgeben.} (21... Rxd4 22. Bxd4 a5 {war angezeigt.}) 22. Ba3+ Ke8 {Der Schaden
ist schon nicht mehr zu reparieren:} (22... Bb4 23. Rxd8 Kxd8 24. Rb1 a5 25.
Bxb4 $16 {Weiß erhält einen gefährlichen entfernten Freibauern auf der a-Linie.
}) 23. Rad1 Rxd4 24. Rxd4 Rb1 $6 (24... Rd8 $5) 25. Bd3 Re1+ 26. Kf2 Kf7 (26...
Nd5 27. Bg6+ $18) 27. Bc5 $18 {1-0 Topalov,V-Gelfand,B/Dos Hermanas 1996 (40)})
19. Bxd5 cxd5 20. Rhc1 Bd6 21. g3 Rhe8 22. Kd3 g5 23. Bd4 Kd7 $2 {Schwarz
sollte sich sofort auf die Bauernschwäche des Weißen stürzen:} (23... Rf8 {
Ich meine, Schwarz sollte ohne allzu große Mühe remis halten können.}) 24. Rab1
Reb8 25. Rxb8 Rxb8 26. Bxa7 {Schwarz hat einen Bauern eingebüßt, und seine
Lage ist kritisch.} Ra8 27. Be3 g4 28. Ra1 ({Nach} 28. fxg4 Rxa4 29. g5 Ra2 30.
Rc2 Rxc2 31. Kxc2 Ke6 {dürfte Schwarz remis halten können.}) 28... gxf3 29. a5
Ra6 30. Bb6 Bb4 {Die Fortsetzungen} (30... Bc7 31. Bxc7 Kxc7 32. Ke3 {und}) (
30... h5 31. Ke3 h4 32. gxh4 Bxh2 33. Kxf3 Be5 34. Ra2 {sehen für Schwarz
schlecht aus.}) 31. Ke3 Bc3 32. Ra3 d4+ 33. Kxf3 Kc6 34. Ke4 Ra8 35. Bxd4 Bxa5
36. Be5 Kb5 37. Rb3+ Kc6 38. Rf3 Bd8 39. Rf8 h5 40. Kf5 Kd7 41. Rf7+ Kc6 42. h4
Ra4 43. Bf4 1-0

[Event "Cancan Veterans-Women"]
[Site "Roquebrune"]
[Date "1998.09.19"]
[Round "12"]
[White "Cramling, Pia"]
[Black "Smyslov, Vassily V"]
[Result "1-0"]
[WhiteElo "2505"]
[BlackElo "2500"]
[Annotator "Huebner,R"]
[PlyCount "139"]
[EventDate "1998.09.07"]
[EventType "schev"]
[EventRounds "12"]
[EventCountry "FRA"]
[SourceTitle "CBM 067"]
[Source "ChessBase"]
[SourceDate "1998.11.30"]
[SourceVersion "2"]
[SourceVersionDate "1998.11.01"]
[SourceQuality "1"]

1. d4 d5 2. c4 c6 3. Nf3 Nf6 4. Nc3 dxc4 5. a4 Bf5 6. Ne5 e6 7. f3 c5 8. e4 Bg6
9. Be3 cxd4 10. Qxd4 Qxd4 11. Bxd4 Nc6 12. Nxc6 bxc6 13. Bxc4 Nd7 14. Ke2 e5
15. Be3 a5 16. Rhd1 Rb8 $2 {Mit diesem Zug verliert Schwarz ein wichtiges
Tempo. Durch die Wahl der Fortsetzung} (16... Bb4 17. Rd2 (17. Na2 Bc5 18. Rxd7
Bxe3 19. Rc7 Bd4 {sieht nicht gefährlich für Schwarz aus.}) (17. Rd3 Nc5 {
ist ebenfalls harmlos.}) 17... Ke7 18. Rad1 Rhd8 {konnte Schwarz das Problem
seines inaktiven Königsturms lösen und Ausgleich erzielen.}) 17. Rd2 Bb4 18.
Rad1 Nf6 {Hier steht der Springer schlecht. Auf} (18... Nc5 {folgt jedoch} 19.
Rd6 Bxc3 (19... Nxe4 20. Nxe4 Bxe4 21. fxe4 Bxd6 22. Rxd6 Rxb2+ 23. Kf3 {
ist ungünstig für Schwarz.}) 20. Bxc5 Rxb2+ (20... Bd4 21. Bxd4 exd4 22. b3 {
führt zu einer hoffnungslosen Stellung für Schwarz.}) 21. Kf1 ({Auch nach} 21.
Ke3 O-O 22. Rxc6 Bd4+ 23. Bxd4 exd4+ 24. Rxd4 Rxg2 25. h4 {hat Weiß
beträchtlichen Vorteil.}) 21... Bd4 22. Bxd4 exd4 23. R1xd4 {und Weiß gewinnt
einen Bauern.}) (18... Nf8 {konnte vielleicht versucht werden.}) 19. Rc2 O-O (
19... Ke7 20. Na2 Bd6 21. Bd2 Bc7 22. b4 {ist ebenfalls sehr unbequem für
Schwarz.}) 20. Na2 Be7 21. Bd3 Nh5 22. g3 f5 {Schwarz versucht das Problem,
das ihm seine unwirksam aufgestellten Figuren am Königsflügel verursachen, auf
gewaltsame Weise zu lösen, doch erwachen dadurch auch die Figuren des Weißen
zu vermehrter Aktivität, und Weiß erobert einen Bauern.} 23. exf5 Bxf5 24. Bxf5
Rxf5 25. Rd7 Bf8 26. Rc7 Nf6 27. R7xc6 Nd5 (27... e4 {war vielleicht zäher.})
28. Rc8 ({Die Fortsetzung} 28. Bd2 Rb3 {ist nicht überzeugend}) 28... Nxe3 29.
Kxe3 Rb6 30. Nc3 h6 31. Nd5 Rb7 32. R2c7 Rb3+ 33. Rc3 Rb7 34. R3c7 Rb3+ 35. Rc3
Rb7 36. Ke4 Rff7 37. b3 Kh7 38. R8c7 Rfxc7 39. Nxc7 Bb4 40. Rc6 Be1 41. Nb5 Bf2
42. Rc2 Bg1 43. Kxe5 Re7+ 44. Kd5 Re3 45. Rg2 Re1 46. Na3 Rd1+ 47. Ke4 Bc5 48.
Nc4 Bb4 49. Re2 Rb1 50. Re3 Kg6 51. Ne5+ Kf6 52. Nc6 Be1 53. Rd3 h5 54. Rd6+
Kf7 55. Ne5+ Ke7 56. Rd7+ Ke6 57. Rxg7 Rxb3 58. Nd3 Bb4 59. Rg6+ Ke7 60. Rh6
Ra3 61. Rxh5 Rxa4 62. Rh7+ Kd6 63. Rh6+ Kc7 64. Kd5 Bd2 65. Rh7+ Kd8 66. Nc5
Ra2 67. Kd6 Ke8 68. Re7+ Kf8 69. Nd7+ Kg8 70. Nf6+ 1-0

[Event "Scandic Hotels CC"]
[Site "Stockholm"]
[Date "1999.08.02"]
[Round "3"]
[White "Tella, Jussi"]
[Black "Engqvist, Thomas"]
[Result "1-0"]
[WhiteElo "2434"]
[BlackElo "2340"]
[Annotator "Huebner,R"]
[PlyCount "71"]
[EventDate "1999.07.31"]
[EventType "tourn"]
[EventRounds "9"]
[EventCountry "SWE"]
[EventCategory "9"]
[SourceTitle "CBM 073"]
[Source "ChessBase"]
[SourceDate "1999.12.01"]
[SourceVersion "1"]
[SourceVersionDate "1999.12.01"]
[SourceQuality "1"]

1. d4 d5 2. c4 c6 3. Nc3 Nf6 4. Nf3 dxc4 5. a4 Bf5 6. Ne5 Nbd7 7. Nxc4 Qc7 8.
g3 e5 9. dxe5 Nxe5 10. Bf4 Nfd7 11. Bg2 f6 12. O-O Nc5 13. e4 Bg6 14. Qe2 Be7 (
14... Bf7 15. Ne3 Ne6 16. Rac1 Bc5 17. b4 Nxf4 18. gxf4 Bxe3 19. Qxe3 Nc4 20.
Qg3 O-O $11 {1-0 Solozhenkin,E-Shovunov,B/Maikop 1998/CBM 66/[Huebner,R] (41)})
15. Nxe5 ({Es gibt einen Vorgänger:} 15. Rad1 O-O 16. Bh3 {Dies kommt mir
sinnlos vor. Besser war} (16. Nxe5 {mit etwa ausgeglichenem Spiel.}) 16... Bf7
17. Ne3 $2 {Weiß mußte auf e5 schlagen. Nun werden sich die Löcher am
Damenflügel als tödlich herausstellen.} Rfd8 18. Nf5 Bf8 $17 {0-1 Bellon Lopez,
J-Nogueiras,J/Santa Clara 1998/CBM 66/[Huebner,R] (65)}) 15... fxe5 16. Be3 Bf7
{Schwarz bereitet die kurze Rochade vor.} 17. f4 O-O 18. fxe5 Nb3 ({Sofortiges
} 18... Qxe5 {scheitert an} 19. Rf5) (18... Be6 {kam in Betracht, desgleichen})
(18... Bb3) 19. Rad1 Qxe5 20. Rf5 (20. Rd7 $5) 20... Qe6 21. Bh3 Bf6 22. Kg2
Bxc3 23. Rf4 Qe5 24. bxc3 Qxc3 ({Einfacher ist} 24... Be6 {mit etwa gleichem
Spiel, aber der Textzug ist nicht schlechter.}) 25. Rxf7 $1 Kxf7 (25... Rxf7 {
führt zum Verlust:} 26. Be6 Kf8 (26... Raf8 27. Rd7 Nc5 28. Bxf7+ Rxf7 29. Rd8+
Rf8 30. Rxf8+ Kxf8 31. Qf2+ {und Weiß gewinnt.}) 27. Rf1 ({Auch} 27. Rd3 {
ist gut genug:} Nc1 28. Qh5 Qf6 29. Bc5+ Kg8 30. Bxf7+ Qxf7 31. Qxf7+ Kxf7 32.
Rd7+ Kg6 33. Rxb7 {mit für Weiß gewonnenem Endspiel.}) 27... Rxf1 (27... Rf6 {
ist nicht besser:} 28. Rxf6+ gxf6 (28... Qxf6 29. Bxb3 {führt zu einer
hoffnungslosen Stellung für Schwarz.}) 29. Qh5 Ke7 30. Qf7+ Kd6 31. Qd7+ Ke5
32. Bf4+ Kxe4 33. Bf5#) 28. Qxf1+ Qf6 29. Qxf6+ gxf6 30. Bxb3 {mit
Gewinnstellung für Weiß.}) 26. Rd7+ $2 ({Richtig war} 26. Rd3 Qb4 27. Qg4 Kg8
28. Qe6+ Kh8 29. Rxb3 Qxa4 (29... Qe1 30. Bf5 {führt zum Vorteil für Weiß.})
30. Rxb7 Qa6 (30... Qc2+ 31. Kh1 {überläßt dem Weißen Vorteil.}) 31. Rf7 Qe2+
32. Bf2 Rxf7 33. Qxf7 Qxe4+ 34. Kg1 {mit etwa gleichem Spiel.}) 26... Kg8 27.
Be6+ Kh8 28. Qg4 Rad8 29. Rxb7 Nd2 $2 (29... Nc5 {gewann auf der Stelle:} 30.
Bxc5 Qd2+ 31. Kh3 (31. Kh1 Rf1+ 32. Bg1 Rxg1+ 33. Kxg1 Qe1+ 34. Kg2 Rd2+ 35.
Kh3 Qf1+ {und Schwarz gewinnt.}) 31... Qh6+ 32. Qh4 (32. Kg2 Rd2+ {nebst matt.}
) 32... Qxe6+ {und Schwarz gewinnt.}) 30. Kh3 $2 ({Die Fortsetzung} 30. Bh6 {
gewährt dem Weißen gute Rettungsaussichten:} gxh6 31. Bf5 Qf3+ 32. Qxf3 Nxf3
33. Kxf3 {Schwarz dürfte nicht gewinnen können.}) 30... Qf6 $2 (30... Qa1 {
führt zum Sieg; Weiß kann nichts Fruchtbares unternehmen, zum Beispiel:} 31.
Rxa7 ({oder} 31. Bf5 Qf1+ 32. Kh4 Nf3+ 33. Kh5 Rg8 {, und der Wanderkönig wird
bald mattgesetzt werden.}) 31... Qf1+ 32. Kh4 Nf3+ 33. Kh5 Qa1 34. Bf5 Nxh2 {
mit entscheidendem Angriff.}) 31. Bf5 Nc4 $2 ({Die Fortsetzung} 31... h6 32.
Qe2 Rfe8 33. Bxd2 Qxf5+ 34. exf5 Rxe2 35. Bc3 {führt zu einer etwa
ausgeglichenen Stellung. Jetzt bekommt Weiß Oberwasser.}) 32. Bg5 Qa1 33. Bxd8
Rxd8 34. Qh5 Qf1+ 35. Kh4 h6 36. Qg6 1-0

[Event "RUS-Cup final"]
[Site "Ekaterinburg"]
[Date "1999.??.??"]
[Round "1"]
[White "Shcherbakov, Ruslan"]
[Black "Kobalia, Mihail"]
[Result "0-1"]
[WhiteElo "2559"]
[BlackElo "2537"]
[Annotator "Huebner,R"]
[PlyCount "131"]
[EventDate "1999.08.28"]
[EventType "tourn"]
[EventRounds "11"]
[EventCountry "RUS"]
[EventCategory "11"]
[SourceTitle "CBM 075"]
[Source "ChessBase"]
[SourceDate "2000.04.05"]
[SourceVersion "1"]
[SourceVersionDate "2000.04.05"]
[SourceQuality "1"]

1. d4 d5 2. c4 c6 3. Nf3 Nf6 4. Nc3 dxc4 5. a4 Bf5 6. Ne5 e6 7. f3 Bb4 8. Bg5
h6 9. Bh4 b5 {Für diesen naheliegenden Zug habe ich kein Vorbild gefunden.
Gespielt wurde in dieser Stellung stets} (9... c5 10. dxc5 {, und nun 10...Dd5,
10...Dd1:+ oder 10...Da5.}) 10. e4 Bh7 11. Be2 Qb6 12. O-O Nfd7 $6 (12... Nbd7
$5 {sieht besser aus, weil Weiß danach die Antwort, die er in der Partie wählt,
nicht zur Verfügung hat.}) 13. Ng4 f5 (13... Na6 $5 {kommt in Betracht.}) 14.
exf5 exf5 (14... Bxf5 {ist solider.}) 15. a5 (15. Ne3 f4 16. Ng4 O-O {führt zu
gutem Spiel für Schwarz.}) 15... Qc7 (15... Bxa5 16. Bxc4 bxc4 17. Qe2+ Kf7 18.
Qxc4+ Kf8 (18... Kg6 19. Qe6+ Kh5 20. Ne2 {führt zu baldigem Matt}) 19. Rae1
Bb4 20. Qe6 g5 21. Qxh6+ Kf7 22. Qh5+ Kg7 23. Qxg5+ Bg6 24. Re6 {kann Schwarz
natürlich nicht überleben.}) 16. Bxc4 bxc4 17. Qe2+ Kf8 18. Rae1 Bg6 19. Qxc4
Qxa5 20. Ne5 Nxe5 21. Rxe5 Bf7 (21... Qb6 22. Qe6 Qxd4+ 23. Bf2 Qd6 24. Qc8+
Kf7 25. Qxh8 Qxe5 26. Re1 $18) 22. Rxf5 Qxf5 23. Qxb4+ Kg8 24. Qb7 Qd7 25. Qxa8
Kh7 26. Ra1 $2 ({Richtig ist} 26. Re1 Be6 (26... Na6 27. Re7 Qxd4+ 28. Bf2 $11
{führt zum Ausgleich.}) 27. Rxe6 Qxe6 28. Qxa7 Qe3+ 29. Kf1 Qc1+ 30. Be1 Re8
31. Ne4 {, und Weiß läuft keinerlei Verlustgefahr.}) 26... Na6 27. Qxh8+ Kxh8
28. Rxa6 Qxd4+ 29. Bf2 Qd2 30. h3 Qc1+ 31. Kh2 Qxb2 $19 32. Bd4 Qd2 33. Be5 Qd7
34. Ra4 Qe7 35. Re4 Bg6 36. Re1 a5 37. f4 Qa7 38. Ra1 Bc2 39. Rc1 Bb3 40. Rf1
a4 41. Rf3 Bc4 (41... Kh7 {sieht einfacher aus:} 42. Rg3 g5 43. fxg5 Qc5 44.
Bf6 Qd6 {und die Fesselung des Turmes entscheidet.}) 42. Rg3 a3 43. Ne4 a2 44.
Nd6 Bd5 ({ich weiß nicht, ob die Stellung nach} 44... a1=Q 45. Bxa1 Qxa1 46.
Nxc4 Qd4 47. Ne5 c5 48. Rf3 c4 49. Nxc4 Qxc4 50. h4 {ohne weiteres für Schwarz
gewonnen ist.}) 45. Ba1 Qd7 (45... Qe7 46. Nf5 Qe1 47. Bxg7+ Kh7 {gewann
leichter.}) 46. Rg6 Be6 47. Ne8 Bf5 48. Nxg7 (48. Rxg7 Qd1 49. Be5 a1=Q {
ist ebenfalls hoffnungslos für Weiß.}) 48... Qd1 49. Rxh6+ Kg8 50. Be5 Be4 51.
Ne6 a1=Q 52. Rh8+ Kf7 53. Ng5+ Ke7 54. Bxa1 Qxa1 55. Rh4 Bd5 56. Rg4 Kf6 57. h4
Kf5 58. Rg3 Kxf4 59. h5 Qh8 60. Nh3+ Kf5 61. Rg5+ Kf6 62. Rg6+ Kf7 63. Ng5+ Ke7
64. h6 Qe5+ 65. Kg1 Qe1+ 66. Kh2 {...} 0-1